[Event "69th ch-RUS HL 2016"]
[Site "Kolomna RUS"]
[Date "2016.06.27"]
[Round "5.10"]
[White "Alekseev, Evgeny"]
[Black "Goryachkina, Aleksandra"]
[Result "1-0"]
[WhiteTitle "GM"]
[BlackTitle "WGM"]
[WhiteElo "2626"]
[BlackElo "2486"]
[WhiteFideId "4138147"]
[BlackFideId "4147103"]
[EventDate "2016.06.22"]

1. Nf3 d5 2. e3 Nf6 3. c4 c6 4. Nc3 e6 5. b3 Bd6 6. Bb2 O-O 7. Be2 Re8 8. Qc2 e5
9. cxd5 Nxd5 10. Ne4 Bf5 11. O-O Nd7 12. d3 Bf8 13. Ng3 Bg6 14. a3 a5 15. Rab1
Bd6 16. Ne4 Bc7 17. g3 h6 18. Ned2 Qe7 19. e4 N5b6 20. Rfe1 Nf8 21. Bf1 Bh5 22.
d4 Bxf3 23. Nxf3 Nbd7 24. d5 Bd6 25. dxc6 bxc6 26. a4 Rab8 27. Red1 Ba3 28. Ba1
Qf6 29. Kg2 g5 30. h3 Nc5 31. Bc4 Ng6 32. Nh2 h5 33. Qe2 Ne6 34. Bxe6 Qxe6 35.
Qxh5 Rxb3 36. Rxb3 Qxb3 37. Ng4 Qxa4 38. Nf6+ Kf8 39. Rd7 1-0

[Event "69th ch-RUS HL 2016"]
[Site "Kolomna RUS"]
[Date "2016.06.27"]
[Round "5.11"]
[White "Alekseenko, Kirill"]
[Black "Lobanov, Sergei"]
[Result "1-0"]
[WhiteTitle "GM"]
[WhiteElo "2576"]
[BlackElo "2433"]
[WhiteFideId "4135539"]
[BlackFideId "24183750"]
[EventDate "2016.06.22"]

1. e4 e6 2. d4 d5 3. e5 c5 4. c3 Nc6 5. Nf3 Qb6 6. a3 Bd7 7. b4 cxd4 8. cxd4 Rc8
9. Bb2 Na5 10. Nbd2 Nc4 11. Bxc4 dxc4 12. Rc1 Qa6 13. O-O Ne7 14. Ng5 Nf5 15.
Qh5 g6 16. Qh3 Be7 17. Nge4 b6 18. g4 Nh4 19. d5 h5 20. Nd6+ Bxd6 21. exd6 hxg4
22. Qxg4 Rh5 23. Rfe1 Qb7 24. Re5 Nf5 25. dxe6 Bxe6 26. Rxe6+ 1-0

[Event "69th ch-RUS HL 2016"]
[Site "Kolomna RUS"]
[Date "2016.06.27"]
[Round "5.12"]
[White "Kryakvin, Dmitry"]
[Black "Gavrilov, Alexei1"]
[Result "1/2-1/2"]
[WhiteTitle "GM"]
[BlackTitle "GM"]
[WhiteElo "2547"]
[BlackElo "2466"]
[WhiteFideId "4153278"]
[BlackFideId "4104358"]
[EventDate "2016.06.22"]

1. d4 d5 2. c4 c6 3. Nf3 Nf6 4. Qc2 dxc4 5. e4 b5 6. b3 cxb3 7. axb3 g6 8. Bd2
Bg7 9. Ba5 Qd7 10. Nbd2 O-O 11. b4 e5 12. dxe5 Ng4 13. Be2 Nxe5 14. Nxe5 Qd4 15.
O-O Qxe5 16. Rac1 Be6 17. f4 Qb2 18. Bf3 Qxc2 19. Rxc2 Bd4+ 20. Kh1 Nd7 21. e5
Rac8 22. Ne4 c5 23. Nd6 Rb8 24. Bc6 cxb4 25. Bxb4 a5 26. Bxa5 b4 27. Rd2 Bc3 28.
Rdd1 Nb6 29. Rf2 Nc4 30. Bc7 Rbc8 31. Nb5 Na3 32. Nxc3 bxc3 33. Bd6 Rfd8 34. Be4
Nc4 35. h3 f5 36. Bc2 Nxd6 37. exd6 Rc6 38. Rf3 Rdxd6 39. Rxd6 Rxd6 40. Rxc3 Rd2
41. Bb3 Bxb3 1/2-1/2

[Event "69th ch-RUS HL 2016"]
[Site "Kolomna RUS"]
[Date "2016.06.27"]
[Round "5.13"]
[White "Volkov, Sergey"]
[Black "Sjugirov, Sanan"]
[Result "0-1"]
[WhiteTitle "GM"]
[BlackTitle "GM"]
[WhiteElo "2604"]
[BlackElo "2665"]
[WhiteFideId "4122763"]
[BlackFideId "4189302"]
[EventDate "2016.06.22"]

1. d4 Nf6 2. c4 e6 3. Nc3 Bb4 4. e3 O-O 5. Ne2 d5 6. a3 Be7 7. cxd5 exd5 8. Nf4
c6 9. Bd3 a5 10. O-O Na6 11. Bd2 Bd6 12. Qc2 Re8 13. Rfe1 Nc7 14. e4 dxe4 15.
Nxe4 Nxe4 16. Bxe4 g6 17. d5 c5 18. g3 Nb5 19. Qd3 Nd4 20. Bc3 Bxf4 21. gxf4 Qf6
22. Qg3 Bd7 23. Rad1 Re7 24. f3 Rae8 25. Kg2 h6 26. h4 Bf5 27. d6 Rxe4 28. fxe4
Bxe4+ 29. Kh2 Qxd6 30. Qf2 Qf6 31. Bxd4 cxd4 32. Rxd4 Qf5 33. Qd2 Kh7 34. Re2 g5
35. Rf2 Qg4 36. Rxe4 Qxh4+ 37. Kg1 Rxe4 38. fxg5 Qg3+ 39. Kf1 Qh3+ 40. Rg2 Qf5+
41. Kg1 Qc5+ 42. Qf2 Re1+ 43. Kh2 Qe5+ 44. Kh3 Rh1+ 45. Kg4 h5+ 46. Kf3 Rh3+ 47.
Rg3 Rxg3+ 48. Qxg3 Qxg3+ 49. Kxg3 Kg6 50. Kh4 a4 0-1

[Event "69th ch-RUS HL 2016"]
[Site "Kolomna RUS"]
[Date "2016.06.27"]
[Round "5.14"]
[White "Rakhmanov, Aleksandr"]
[Black "Antipov, Mikhail Al."]
[Result "1-0"]
[WhiteTitle "GM"]
[BlackTitle "GM"]
[WhiteElo "2655"]
[BlackElo "2584"]
[WhiteFideId "4173708"]
[BlackFideId "4107012"]
[EventDate "2016.06.22"]

1. d4 Nf6 2. Nf3 e6 3. e3 Be7 4. Bd3 O-O 5. O-O b6 6. e4 d5 7. e5 Nfd7 8. c3 a5
9. Qc2 h6 10. Be3 Ba6 11. c4 dxc4 12. Bh7+ Kh8 13. Be4 c6 14. a4 c3 15. Rc1 cxb2
16. Qxb2 f5 17. exf6 Nxf6 18. Bc2 Bd6 19. Nbd2 Nd5 20. Bb1 Nb4 21. Qb3 Qe7 22.
Re1 Qf7 23. Nh4 Nd7 24. Ng6+ Kg8 25. Nxf8 Rxf8 26. Ne4 Bc7 27. Bd2 Nf6 28. Nxf6+
Qxf6 29. Qxe6+ Qxe6 30. Rxe6 Bc4 31. Bxb4 Bxe6 32. Bxf8 Kxf8 33. Be4 b5 34. Rc1 1-0

[Event "69th ch-RUS HL 2016"]
[Site "Kolomna RUS"]
[Date "2016.06.27"]
[Round "5.15"]
[White "Grachev, Boris"]
[Black "Bocharov, Ivan"]
[Result "1/2-1/2"]
[WhiteTitle "GM"]
[BlackTitle "FM"]
[WhiteElo "2639"]
[BlackElo "2517"]
[WhiteFideId "4129199"]
[BlackFideId "4180887"]
[EventDate "2016.06.22"]

1. d4 Nf6 2. Nf3 d5 3. c4 c6 4. e3 e6 5. Nbd2 c5 6. b3 cxd4 7. exd4 b6 8. Bd3
Bb7 9. O-O Be7 10. Bb2 O-O 11. Qe2 Nc6 12. Rac1 Rc8 13. a3 dxc4 14. bxc4 Qd7 15.
Rfd1 Rfd8 16. Nf1 Na5 17. Ne5 Qe8 18. Qe3 g6 19. Ng3 Nc6 20. Nf3 Na5 21. Qf4
Bxf3 22. Qxf3 Nb3 23. Rb1 Nxd4 24. Qf4 e5 25. Qxe5 Rc5 26. Qe3 Ne6 27. Be2 Rcc8
28. h4 Rxd1+ 29. Rxd1 Rd8 30. Qe5 Rxd1+ 31. Bxd1 Nc5 32. Bc2 Ncd7 33. Qf4 Qb8
34. Qg5 Bd6 35. Ne4 Nxe4 36. Bxe4 Be5 37. Bc1 Nf6 38. Bf3 Qd6 39. g3 Bd4 40. Kg2
Qc5 41. Qxc5 Bxc5 42. Bb2 Ne8 43. Kf1 h5 44. Ke2 Kf8 45. Be4 Ke7 46. a4 Nd6 47.
Bd5 Nf5 48. Be5 Nd4+ 49. Kd3 Ne6 50. Ke2 Bd4 51. Bxe6 1/2-1/2

[Event "69th ch-RUS HL 2016"]
[Site "Kolomna RUS"]
[Date "2016.06.27"]
[Round "5.16"]
[White "Eliseev, Urii"]
[Black "Kobalia, Mikhail"]
[Result "1/2-1/2"]
[WhiteTitle "GM"]
[BlackTitle "GM"]
[WhiteElo "2602"]
[BlackElo "2638"]
[WhiteFideId "24131920"]
[BlackFideId "4119150"]
[EventDate "2016.06.22"]

1. e4 e5 2. Nf3 Nc6 3. Bb5 Nf6 4. d3 d6 5. c3 Bd7 6. O-O g6 7. Nbd2 Bg7 8. Re1
O-O 9. Ba4 Nh5 10. Nf1 Kh8 11. h3 Qe8 12. Bc2 f5 13. d4 f4 14. b4 a6 15. a4 g5
16. N1h2 h6 17. Bb2 Nf6 18. dxe5 dxe5 19. c4 g4 20. hxg4 Nxg4 21. b5 Nb4 22. Bd3
Nxd3 23. Qxd3 Bf6 24. Nxg4 Bxg4 25. Kf1 Rd8 26. Qc2 Rg8 27. Rad1 Rxd1 28. Rxd1
Qh5 29. Ke2 Qh2 30. Rd3 Qxg2 31. Qd1 Bh5 32. Ke1 Qg1+ 33. Ke2 Qg6 34. Kd2 Qxe4
35. Qh1 Qf5 36. Nxe5 Bxe5 37. Rd5 Re8 38. Rxe5 Rxe5 39. Qd5 Kh7 40. Qxe5 Qxe5 1/2-1/2

[Event "69th ch-RUS HL 2016"]
[Site "Kolomna RUS"]
[Date "2016.06.27"]
[Round "5.17"]
[White "Khismatullin, Denis"]
[Black "Iljiushenok, Ilia"]
[Result "1/2-1/2"]
[WhiteTitle "GM"]
[BlackTitle "IM"]
[WhiteElo "2623"]
[BlackElo "2495"]
[WhiteFideId "4142578"]
[BlackFideId "24105074"]
[EventDate "2016.06.22"]

1. c4 Nf6 2. Nc3 g6 3. g3 Bg7 4. Bg2 O-O 5. d4 d6 6. Nf3 Nc6 7. O-O a6 8. Bf4
Rb8 9. Rc1 Bd7 10. Qd2 Re8 11. Rfd1 b5 12. Nd5 bxc4 13. Nxf6+ exf6 14. Rxc4 Ne7
15. Ne1 Bb5 16. Rc2 g5 17. Be3 Nf5 18. Bc6 Bxc6 19. Rxc6 Nxe3 20. fxe3 f5 21.
Rdc1 Qf6 22. Ng2 h5 23. Rxc7 f4 24. Rf1 Re4 25. Qc2 Qe6 26. gxf4 gxf4 27. Nxf4
Qg4+ 28. Kh1 Rxe3 29. Rxf7 Kxf7 30. Qc7+ Kg8 31. Qxb8+ Kh7 32. Qxd6 Qf5 33. Qc6
Rxe2 34. Qf3 Rxb2 35. d5 Be5 36. Qd3 Qxd3 37. Nxd3 Rxh2+ 38. Kg1 Bg3 39. Nc5
Rxa2 40. Ne4 Bh4 1/2-1/2

[Event "69th ch-RUS HL 2016"]
[Site "Kolomna RUS"]
[Date "2016.06.27"]
[Round "5.18"]
[White "Demchenko, Anton"]
[Black "Novikov, Maxim"]
[Result "0-1"]
[WhiteTitle "GM"]
[BlackTitle "GM"]
[WhiteElo "2611"]
[BlackElo "2513"]
[WhiteFideId "4160258"]
[BlackFideId "4161289"]
[EventDate "2016.06.22"]

1. e4 d6 2. d4 Nf6 3. Nc3 e5 4. Nf3 Nbd7 5. Bc4 Be7 6. O-O O-O 7. a4 a5 8. h3 c6
9. Re1 Nb6 10. Ba2 Nfd7 11. dxe5 dxe5 12. Be3 Qc7 13. Ng5 Bxg5 14. Bxg5 Nc5 15.
Qd2 Be6 16. Qe3 Bxa2 17. Qxc5 Nd7 18. Qa3 Be6 19. Be7 Rfe8 20. Bd6 Qd8 21. Rad1
Qg5 22. Re3 h5 23. b3 h4 24. Qc1 Nf8 25. Red3 Qxc1 26. Rxc1 f6 27. f4 exf4 28.
Bxf4 Bf7 29. Be3 Bg6 30. Rd4 Re5 31. Bf2 b5 32. Bxh4 b4 33. Bg3 bxc3 34. Bxe5
fxe5 35. Rc4 Ne6 36. Kf2 Rd8 37. Rxc3 Rd2+ 38. Ke3 Rxg2 39. Rxc6 Nf4 40. Re1 Rh2
41. Rc8+ Kh7 42. Rg1 Re2+ 43. Kf3 Bxe4+ 44. Kg3 Bxc2 45. Rc5 Bxb3 46. Rxa5 Bd5
47. Kg4 g6 48. Kg3 Kh6 49. Rb5 Rd2 50. Rb8 Nh5+ 0-1

[Event "69th ch-RUS HL 2016"]
[Site "Kolomna RUS"]
[Date "2016.06.27"]
[Round "5.20"]
[White "Sarana, Alexey"]
[Black "Popov, Ivan RUS"]
[Result "1/2-1/2"]
[WhiteTitle "IM"]
[BlackTitle "GM"]
[WhiteElo "2422"]
[BlackElo "2648"]
[WhiteFideId "24133795"]
[BlackFideId "4170350"]
[EventDate "2016.06.22"]

1. d4 g6 2. c4 Bg7 3. Nf3 d6 4. g3 Nd7 5. Bg2 e5 6. O-O Ne7 7. Nc3 O-O 8. e4
exd4 9. Nxd4 Nc6 10. Nxc6 bxc6 11. Qc2 Ne5 12. b3 f5 13. Bf4 fxe4 14. Bxe4 Bh3
15. Rfe1 Qd7 16. Bxe5 Bxe5 17. Rad1 Rae8 18. f3 Qg7 19. Ne2 c5 20. Kh1 Bd7 21.
Qd2 Kh8 22. Qa5 Bf5 23. Bxf5 gxf5 24. Qd2 f4 25. Nxf4 Bxf4 26. gxf4 Qf6 27. Rxe8
Rxe8 28. Rg1 Rg8 29. Rd1 Re8 30. Rg1 Rg8 31. Rxg8+ Kxg8 32. Kg2 Qg6+ 33. Kf2 Kf8
34. Qa5 Qg7 35. Qd2 Qh6 36. Ke3 Qe6+ 37. Kd3 Qg6+ 38. Kc3 Qg7+ 39. Kc2 Qa1 40.
Qa5 Qg1 41. Qxc7 Qf2+ 1/2-1/2

[Event "69th ch-RUS HL 2016"]
[Site "Kolomna RUS"]
[Date "2016.06.27"]
[Round "5.21"]
[White "Savchenko, Boris"]
[Black "Bezgodov, Alexei"]
[Result "0-1"]
[WhiteTitle "GM"]
[BlackTitle "GM"]
[WhiteElo "2633"]
[BlackElo "2493"]
[WhiteFideId "4147332"]
[BlackFideId "4105257"]
[EventDate "2016.06.22"]

1. d4 d5 2. c4 e6 3. Nc3 Nf6 4. Bg5 c5 5. cxd5 cxd4 6. Qxd4 Be7 7. Rd1 exd5 8.
e3 Nc6 9. Qd2 Be6 10. Bd3 h6 11. Bf4 d4 12. exd4 Qxd4 13. Nb5 Bb4 14. Nxd4 Bxd2+
15. Rxd2 Nxd4 16. Ne2 Nxe2 17. Bb5+ Kf8 18. Bxe2 Bxa2 19. Bf3 Re8+ 20. Be3 Bc4
21. Rd4 b5 22. b4 g5 23. Kd2 Kg7 24. Ra1 Re5 25. Rd6 Rhe8 26. Bd4 R5e6 27. Rxe6
Rxe6 28. Rxa7 Kg6 29. Rb7 Rd6 30. Kc3 g4 31. Bxg4 Ne4+ 0-1

[Event "69th ch-RUS HL 2016"]
[Site "Kolomna RUS"]
[Date "2016.06.27"]
[Round "5.22"]
[White "Oganian, Miran"]
[Black "Khairullin, Ildar"]
[Result "0-1"]
[WhiteTitle "IM"]
[BlackTitle "GM"]
[WhiteElo "2433"]
[BlackElo "2629"]
[WhiteFideId "4122488"]
[BlackFideId "4151348"]
[EventDate "2016.06.22"]

1. d4 Nf6 2. c4 e6 3. g3 c5 4. Nf3 cxd4 5. Nxd4 d5 6. Bg2 e5 7. Nf3 d4 8. O-O
Nc6 9. b4 e4 10. Ng5 Bxb4 11. Nxe4 Nxe4 12. Bxe4 Bh3 13. Bg2 Bxg2 14. Kxg2 Qe7
15. Nd2 O-O 16. Nf3 Rfe8 17. a3 Bc5 18. Ra2 Rad8 19. Qd3 h6 20. Rd1 Rd6 21. Rad2
Re6 22. Kf1 Re4 23. Bb2 Qe6 24. Qc2 b6 25. Nxd4 Bxd4 26. Bxd4 Nxd4 27. Rxd4 Rxe2
28. Qc1 Qh3+ 29. Kg1 Rxf2 30. Kxf2 Qxh2+ 31. Kf1 Re2 32. Rd8+ Kh7 33. Qb1+ g6
34. Qxg6+ Kxg6 0-1

[Event "69th ch-RUS HL 2016"]
[Site "Kolomna RUS"]
[Date "2016.06.27"]
[Round "5.23"]
[White "Pridorozhni, Aleksei"]
[Black "Triapishko, Olexandr"]
[Result "1/2-1/2"]
[WhiteTitle "GM"]
[WhiteElo "2552"]
[BlackElo "2466"]
[WhiteFideId "4127870"]
[BlackFideId "14122286"]
[EventDate "2016.06.22"]

1. e4 c5 2. Nf3 Nc6 3. Bb5 d6 4. O-O Bd7 5. Re1 Nf6 6. c3 a6 7. Bf1 Bg4 8. h3
Bxf3 9. Qxf3 g6 10. d3 Bg7 11. Nd2 O-O 12. Qd1 Nd7 13. f4 b5 14. Nf3 b4 15. d4
bxc3 16. bxc3 cxd4 17. cxd4 e5 18. Ba3 Re8 19. Kh1 Nxd4 20. Nxd4 exd4 21. Bxd6
Qf6 22. Bc7 Nc5 23. Be5 Qd8 24. Bxg7 Kxg7 25. Qf3 Ra7 26. e5 Rd7 27. Rac1 Qb6
28. f5 d3 29. f6+ Kg8 30. Rcd1 d2 31. Re2 Red8 32. Qe3 Qb4 33. a3 Qa5 34. Rf2
Rd4 35. Be2 Qa4 36. Bf3 Qc2 37. Bg4 Ne6 38. Rff1 Re4 39. Qh6 Rxg4 40. hxg4 a5
41. Qe3 Rd3 42. Qe2 Nd4 43. Qf2 h6 44. e6 Nxe6 45. Qe2 Kh7 46. Rf2 Nd4 47. Qe7
Qxd1+ 48. Kh2 Qh1+ 49. Kxh1 d1=Q+ 50. Kh2 Nf3+ 51. Rxf3 Rd7 52. Qe8 1/2-1/2

[Event "69th ch-RUS HL 2016"]
[Site "Kolomna RUS"]
[Date "2016.06.27"]
[Round "5.24"]
[White "Gabrielian, Artur"]
[Black "Cherniaev, Alexander"]
[Result "1-0"]
[WhiteTitle "GM"]
[BlackTitle "GM"]
[WhiteElo "2520"]
[BlackElo "2451"]
[WhiteFideId "4131002"]
[BlackFideId "4117301"]
[EventDate "2016.06.22"]

1. e4 c5 2. Nf3 Nc6 3. Bb5 Nf6 4. e5 Nd5 5. O-O Nc7 6. Bxc6 dxc6 7. h3 h6 8. d3
g5 9. Nfd2 Bf5 10. Nc3 Ne6 11. Re1 Qc7 12. a4 Rg8 13. Nc4 g4 14. Ne3 Qxe5 15.
hxg4 Bh7 16. Nf5 Qc7 17. Bxh6 Bxf5 18. gxf5 Nd4 19. Bxf8 Kxf8 20. f6 exf6 21.
Qh5 f5 22. Ne4 Qf4 23. Nf6 1-0

[Event "69th ch-RUS HL 2016"]
[Site "Kolomna RUS"]
[Date "2016.06.27"]
[Round "5.25"]
[White "Sviridov, Valery"]
[Black "Khegay, Dmitriy"]
[Result "1-0"]
[BlackTitle "FM"]
[WhiteElo "2517"]
[BlackElo "2434"]
[WhiteFideId "4120680"]
[BlackFideId "24153729"]
[EventDate "2016.06.22"]

1. d4 g6 2. e4 Bg7 3. Nc3 d6 4. Be2 a6 5. a4 Nc6 6. Be3 e5 7. Nf3 exd4 8. Nxd4
Nf6 9. Nxc6 bxc6 10. e5 dxe5 11. Qxd8+ Kxd8 12. O-O-O+ Bd7 13. Bc4 Ng4 14. Bc5
Kc8 15. h3 Nh6 16. g4 Be6 17. Bxe6+ fxe6 18. Rd3 Nf7 19. Rhd1 Bh6+ 20. Kb1 Rd8
21. Rxd8+ Nxd8 22. Ne4 Bf4 23. h4 Nf7 24. b3 a5 25. Kb2 Rb8 26. f3 Ra8 27. Bf2
Rb8 28. Rd3 Ra8 29. Bc5 Rb8 30. Be7 Ra8 31. Nc5 e4 32. Nxe4 Ne5 33. Rd8+ Kb7 34.
Nc5+ Ka7 35. Nxe6 Be3 36. Kc3 Rxd8 37. Bxd8 Nxf3 38. Kd3 Bb6 39. Ke4 Nd2+ 40.
Ke5 Kb7 41. h5 Kc8 42. Bg5 Nf3+ 43. Ke4 Nh2 44. h6 Kd7 45. Nf8+ Ke8 46. Nxh7 Kf7
47. Bd2 Nxg4 48. Ng5+ Kf8 49. h7 Nf6+ 50. Kf3 1-0

[Event "69th ch-RUS HL 2016"]
[Site "Kolomna RUS"]
[Date "2016.06.27"]
[Round "5.26"]
[White "Prizant, Jaroslav"]
[Black "Vasilyev, Vasily"]
[Result "1/2-1/2"]
[WhiteTitle "IM"]
[BlackTitle "FM"]
[WhiteElo "2511"]
[BlackElo "2307"]
[WhiteFideId "4140664"]
[BlackFideId "24102180"]
[EventDate "2016.06.22"]

1. Nf3 d5 2. g3 Nf6 3. Bg2 g6 4. c4 c6 5. b3 Bg7 6. Bb2 O-O 7. O-O b6 8. d4 Bb7
9. Nc3 Nbd7 10. cxd5 Nxd5 11. Nxd5 cxd5 12. Rc1 b5 13. Qd2 a5 14. Qf4 Qb6 15.
Qc7 Rfd8 16. Qxb6 Nxb6 17. Rc7 Rd7 18. Rc5 b4 19. Rfc1 e6 20. Ne5 Bxe5 21. dxe5
Kf8 22. Rb5 Nc8 23. Rcc5 Ne7 24. Bf3 Bc6 25. Rb6 Rc7 26. Bc1 Raa7 27. Rb8+ Nc8
28. Be3 Ra6 29. Rbb5 Bxb5 30. Rxc7 Rc6 31. Rxc6 Bxc6 32. Kf1 Ke8 33. Ke1 Kd7 34.
Kd2 Bb5 35. Bc5 Ne7 36. e4 dxe4 37. Bxe4 Bc6 38. Bc2 Nd5 39. a3 bxa3 40. Bxa3 a4
41. bxa4 Nb6 42. Bc5 Nxa4 43. Bd4 Kc7 44. Bxa4 1/2-1/2

[Event "69th ch-RUS HL 2016"]
[Site "Kolomna RUS"]
[Date "2016.06.27"]
[Round "5.27"]
[White "Kozionov, Kirill"]
[Black "Kurbedinov, Ramis"]
[Result "1-0"]
[WhiteTitle "IM"]
[BlackTitle "IM"]
[WhiteElo "2440"]
[BlackElo "2327"]
[WhiteFideId "24101729"]
[BlackFideId "14200619"]
[EventDate "2016.06.22"]

1. b3 Nf6 2. Bb2 g6 3. Bxf6 exf6 4. c4 Bg7 5. Nc3 f5 6. Rc1 b6 7. e3 Bb7 8. Nge2
d6 9. d4 Nd7 10. d5 O-O 11. g3 c5 12. dxc6 Bxc6 13. Nd5 Bxd5 14. Qxd5 Nf6 15.
Qd1 b5 16. cxb5 Ne4 17. b4 a5 18. bxa6 Rxa6 19. Bg2 Rxa2 20. Bxe4 fxe4 21. O-O
Qb6 22. Rb1 Rc8 23. Nf4 Rcc2 24. Qd5 Be5 25. Qxe4 Bxf4 26. Qxf4 Rab2 27. Rfd1
Rxf2 28. Qxf2 Rxf2 29. Kxf2 Qb5 30. Kg1 Qe2 31. Re1 Qb5 32. Red1 Qe2 33. Re1 Qb5
34. Rb3 h5 35. Rd1 h4 36. gxh4 Qc4 37. Rdb1 Qg4+ 38. Kh1 Qf3+ 39. Kg1 Qg4+ 40.
Kf1 Qc4+ 41. Ke1 Qxh4+ 42. Kd1 Qg4+ 43. Kc1 Qg1+ 44. Kc2 Qxh2+ 45. Kd3 Qe5 46.
b5 Qf5+ 47. Kc3 Qc5+ 48. Kb2 Qb6 49. Rc1 d5 50. Rc6 Qb7 51. Rc5 Qb6 52. Rxd5 Kg7
53. Rd4 g5 54. Rc4 f6 55. Rc6 Qb7 56. b6 Kg6 57. Rc7 Qg2+ 58. Ka3 Qa8+ 59. Ra7
Qb8 60. Ra4 Qd6+ 61. Rab4 Qe5 62. Ka2 Qa5+ 63. Kb2 Qe5+ 64. Rd4 Qh2+ 65. Ka3 Qh1
66. b7 Qa1+ 67. Kb4 Qa7 68. Kc3 Qb8 69. Rc4 f5 70. Rb5 Qg3 71. b8=Q Qe1+ 72. Kb3 1-0

[Event "69th ch-RUS HL 2016"]
[Site "Kolomna RUS"]
[Date "2016.06.27"]
[Round "5.28"]
[White "Suleymanyants, Odisey"]
[Black "Yanchenko, Roman"]
[Result "1-0"]
[WhiteTitle "FM"]
[BlackTitle "FM"]
[WhiteElo "2268"]
[BlackElo "2414"]
[WhiteFideId "24149357"]
[BlackFideId "4137329"]
[EventDate "2016.06.22"]

1. e4 e6 2. d4 b6 3. Nf3 Bb7 4. Bd3 c5 5. c3 Nf6 6. Qe2 Be7 7. O-O d5 8. e5 Nfd7
9. c4 dxc4 10. Be4 Bxe4 11. Qxe4 Na6 12. d5 exd5 13. Qxd5 Nb4 14. Qxc4 Nf8 15.
Nc3 Ne6 16. Rd1 Qc8 17. a3 Nc6 18. Be3 O-O 19. Nd5 Rd8 20. h4 Bf8 21. h5 Ncd4
22. Nc3 Nxf3+ 23. gxf3 Qb7 24. Qe4 Qxe4 25. fxe4 g5 26. hxg6 hxg6 27. f4 c4 28.
Kf2 Bc5 29. Nd5 Kg7 30. f5 Ng5 31. Nf6 Rh8 32. Bxc5 bxc5 33. Rh1 Rxh1 34. Rxh1
Rb8 35. Kg3 Rxb2 36. Kf4 Rg2 37. Nd5 gxf5 38. exf5 Kf8 39. Rh5 f6 40. Nxf6 c3
41. Rh8+ Kf7 42. Rc8 Nh3+ 43. Kf3 Rf2+ 44. Kg4 Nf4 45. Rxc5 c2 46. Rc7+ Kf8 47.
e6 Nxe6 48. Nh7+ Ke8 49. fxe6 Rg2+ 50. Kf4 Rf2+ 51. Ke3 Kd8 52. Rc6 Rh2 53. Ng5
Ke7 54. Nf3 Rh1 55. Rxc2 Kxe6 56. Rc7 Kd5 57. Rxa7 Kc5 58. Kd3 Rh3 59. Rf7 Kb5
60. Rf4 Rh1 61. Kc3 Rc1+ 62. Kb2 Rh1 63. Nd4+ Ka4 64. Nb3+ Kb5 65. a4+ Ka6 66.
Kc3 Rh6 67. Re4 Rb6 68. Kc4 Rc6+ 69. Kb4 Rb6+ 70. Ka3 Rb8 71. Re6+ Ka7 72. a5
Rb5 73. Ka4 Rh5 74. Rc6 Rg5 75. Nc5 Rg1 76. Rc7+ Kb8 77. Re7 Rb1 78. a6 Ka8 79.
Ka5 Rh1 80. Kb6 Rb1+ 81. Kc6 Ra1 82. Re6 Ka7 83. Re7+ Ka8 84. Kb5 Rb1+ 85. Ka5
Rh1 86. Re5 Ka7 87. Na4 Rh7 88. Nc3 Rh8 89. Re6 Rg8 90. Nb5+ Ka8 91. Re8+ 1-0

[Event "69th ch-RUS HL 2016"]
[Site "Kolomna RUS"]
[Date "2016.06.27"]
[Round "5.29"]
[White "Truskavetsky, Alexandr"]
[Black "Rodin, Dmitrij"]
[Result "1-0"]
[WhiteTitle "IM"]
[BlackTitle "FM"]
[WhiteElo "2389"]
[BlackElo "2371"]
[WhiteFideId "14108577"]
[BlackFideId "4127412"]
[EventDate "2016.06.22"]

1. d4 Nf6 2. Bg5 e6 3. Nf3 c5 4. Bxf6 Qxf6 5. e3 Nc6 6. c3 d5 7. Bb5 Bd6 8. Nbd2
Bd7 9. O-O O-O 10. Re1 a6 11. Bd3 Rad8 12. Qe2 Rfe8 13. e4 Bf8 14. e5 Qh6 15. a3
Rc8 16. h4 Be7 17. g3 cxd4 18. cxd4 Qh5 19. Rac1 f6 20. Nb3 fxe5 21. dxe5 Rf8
22. Kg2 g6 23. Qe3 Qg4 24. Nh2 Qa4 25. Nc5 Bxc5 26. Rxc5 d4 27. Qg5 Qb3 28. Bxg6
hxg6 29. Qxg6+ Kh8 30. Re4 Qd1 31. Qh6+ Kg8 32. Rg4+ Kf7 33. Qh5+ 1-0

[Event "69th ch-RUS HL 2016"]
[Site "Kolomna RUS"]
[Date "2016.06.27"]
[Round "5.30"]
[White "Bykov, Egor"]
[Black "Korniushin, Nikolay"]
[Result "1/2-1/2"]
[WhiteTitle "FM"]
[BlackTitle "IM"]
[WhiteElo "2341"]
[BlackElo "2348"]
[WhiteFideId "34115290"]
[BlackFideId "4123808"]
[EventDate "2016.06.22"]

1. d4 Nf6 2. Nf3 g6 3. g3 Bg7 4. Bg2 O-O 5. O-O d5 6. c4 dxc4 7. Na3 Nc6 8. Nxc4
Be6 9. b3 a5 10. Bb2 Bd5 11. Nfe5 Bxg2 12. Kxg2 Nxe5 13. Nxe5 Nd7 14. Nd3 c6 15.
Rc1 a4 16. Rc4 Qa5 17. e4 axb3 18. axb3 Qb6 19. Rb4 Qc7 20. Qc1 Rfb8 21. Rc4 Nb6
22. Rc5 Nd7 23. Rc4 Nb6 24. Rc5 Nd7 25. Rc4 1/2-1/2

[Event "69th ch-RUS HL 2016"]
[Site "Kolomna RUS"]
[Date "2016.06.28"]
[Round "6.1"]
[White "Matlakov, Maxim"]
[Black "Oparin, Grigoriy"]
[Result "1/2-1/2"]
[WhiteTitle "GM"]
[BlackTitle "GM"]
[WhiteElo "2691"]
[BlackElo "2597"]
[WhiteFideId "4168003"]
[BlackFideId "24125890"]
[EventDate "2016.06.22"]

1. c4 e6 2. Nc3 d5 3. d4 Be7 4. cxd5 exd5 5. Bf4 c6 6. e3 Bf5 7. g4 Be6 8. h3
Nd7 9. Bd3 h5 10. gxh5 Ngf6 11. h6 g6 12. Qb3 Qb6 13. Qc2 Nh5 14. Nge2 Nxf4 15.
Nxf4 Nf8 16. h4 Rxh6 17. h5 Bd6 18. Nxe6 Nxe6 19. Be2 Qd8 20. O-O-O Qf6 21. hxg6
Rxg6 22. Rh3 Rg5 23. f4 Rg8 24. Rdh1 Qe7 25. Kb1 Bb4 26. Rh8 Rxh8 27. Rxh8+ Nf8
28. Rh5 Nd7 29. Rh8+ Nf8 30. Rh5 Nd7 31. Nxd5 cxd5 32. Bb5 Kd8 33. Bxd7 Kxd7 34.
Rxd5+ Bd6 35. e4 Qh4 36. a3 Ke7 37. Qb3 Rd8 38. Rf5 Qh7 39. Qxb7+ Rd7 40. Qc6
Rc7 41. Qd5 Qg6 42. Rg5 1/2-1/2

[Event "69th ch-RUS HL 2016"]
[Site "Kolomna RUS"]
[Date "2016.06.28"]
[Round "6.2"]
[White "Predke, Alexandr"]
[Black "Zvjaginsev, Vadim"]
[Result "1/2-1/2"]
[WhiteTitle "GM"]
[BlackTitle "GM"]
[WhiteElo "2550"]
[BlackElo "2677"]
[WhiteFideId "24107581"]
[BlackFideId "4113403"]
[EventDate "2016.06.22"]

1. e4 e5 2. Nf3 Nf6 3. Nxe5 d6 4. Nf3 Nxe4 5. d4 d5 6. Bd3 Bf5 7. O-O Be7 8. Re1
O-O 9. c4 Nc6 10. Nc3 Nxc3 11. bxc3 Bxd3 12. Qxd3 dxc4 13. Qxc4 Qd7 14. Bf4 Bd6
15. Bxd6 cxd6 16. Re2 d5 17. Qd3 Rae8 18. Ne5 Nxe5 19. dxe5 Qc6 20. Rd1 Rc8 21.
Qxd5 Qxd5 22. Rxd5 Rxc3 23. f4 Rfc8 24. f5 Kf8 25. Rd7 R3c7 26. Red2 Rxd7 27.
Rxd7 Rc1+ 28. Kf2 Rc5 29. Rxb7 Rxe5 30. f6 Rf5+ 31. Ke3 Rxf6 32. Rxa7 Re6+ 33.
Kf3 Rf6+ 34. Ke3 Re6+ 35. Kf3 Rf6+ 36. Ke3 Re6+ 37. Kf3 Rf6+ 38. Ke3 Re6+ 39.
Kf3 Rf6+ 40. Ke3 Re6+ 1/2-1/2